| 000 | 00495nam a22002057a 4500 | ||
|---|---|---|---|
| 005 | 20260218151322.0 | ||
| 008 | 260218b |||||||| |||| 00| 0 eng d | ||
| 020 |
_a9789354978555 _c790.00 |
||
| 040 | _aMAIN | ||
| 041 | _aEnglish | ||
| 082 |
_a651.7 _bSAN |
||
| 100 |
_aSanjay, Kumar _926287 |
||
| 245 | _aCommunication Skills | ||
| 250 | _a3rd | ||
| 260 |
_aNew Delhi _bOxford University Press _c2026 |
||
| 300 | _a565 | ||
| 650 | _aManagement | ||
| 700 | _aLata, Pushp | ||
| 942 | _cBK | ||
| 999 |
_c60385 _d60385 |
||